100 Villes de Bretagne - Statistiques

Statistiques générales
  • Ce quiz a été pris 887 fois
  • Le résultat moyen est 30 sur 100
Statistiques - réponses
habitants ville % Correct
215 000 Rennes
100%
140 000 Brest
98%
57 000 Lorient
94%
63 000 Quimper
94%
53 000 Vannes
93%
46 000 Saint-Malo
91%
45 000 Saint-Brieuc
90%
Concarneau
74%
Morlaix
72%
11 000 dinan
71%
Lannion
69%
20 000 Fougères
68%
guingamp
67%
dinard
66%
Pontivy
66%
Vitré
60%
Landerneau
59%
12 000 Quimperlé
58%
redon
54%
Douarnenez
52%
Auray
51%
22 000 Lanester
46%
18 000 Bruz
45%
Cesson-sévigné
45%
ploërmel
44%
Hennebont
41%
paimpol
41%
Guipavas
39%
9 000 landivisiau
37%
loudéac
36%
crozon
35%
Ploemeur
34%
saint grégoire
29%
perros guirec
28%
ploeren
28%
pont l'abbé
28%
Pacé
27%
fouesnant
26%
14 000 Plérin
26%
betton
25%
Plougastel-Daoulas
25%
Saint jacques de la lande
25%
10 000 chantepie
24%
Plouzané
24%
sarzeau
23%
Ploufragan
22%
guer
21%
saint pol de léon
21%
8 000 saint renan
21%
chateaugiron
20%
Guidel
20%
janzé
20%
le rheu
20%
questembert
20%
bain de bretagne
19%
carhaix plouguer
19%
Saint avé
19%
plabennec
18%
séné
18%
baud
17%
7 500 langueux
17%
lesneven
17%
liffré
17%
trégueux
17%
Lamballe-Armor
16%
larmor plage
16%
Le relecq kerhuon
16%
rosporden
16%
chateaubourg
14%
ploudalmézeau
14%
vern sur seiche
14%
chartres de bretagne
13%
ergué gabéric
13%
6 000 gouesnou
13%
guichen
13%
mordelles
13%
guilers
12%
6 500 acigné
11%
montfort sur meu
11%
thorigné fouillard
11%
melesse
10%
plouguerneau
10%
quéven
10%
trégunc
10%
caudan
9%
7 000 pordic
9%
inzinzac lochrist
8%
pluvigner
8%
kervignac
7%
languidic
7%
noyal chatillon sur seiche
7%
guipry messac
6%
moelan sur mer
6%
pleurtuit
6%
theix noyalo
6%
binic etables sur mer
5%
le mené
4%
plédran
4%
brech
3%
plonéour lanvern
3%
Aucun quiz correspondant
Distribution des résultats
% des personnes avec chaque résultat
Percentile par nombre de réponses
Votre historique - résultats
Vous n’avez pas pris ce quiz